Corinthians. (Record no. 5746)

000 -LEADER
fixed length control field 00511nam a2200181 a 4500
001 - CONTROL NUMBER
control field :::00003488$&:&@@
003 - CONTROL NUMBER IDENTIFIER
control field OkBaRHE
005 - DATE AND TIME OF LATEST TRANSACTION
control field 20000607103306.0
008 - FIXED-LENGTH DATA ELEMENTS--GENERAL INFORMATION
fixed length control field j 000 0 eng u
040 ## - CATALOGING SOURCE
Transcribing agency
100 1# - MAIN ENTRY--PERSONAL NAME
Personal name Hobbs, H. G.
245 10 - TITLE STATEMENT
Title Corinthians.
260 ## - PUBLICATION, DISTRIBUTION, ETC. (IMPRINT)
Place of publication, distribution, etc No Imprint.
300 ## - PHYSICAL DESCRIPTION
Extent 88 p. ;
Dimensions 21 cm.
650 ## - SUBJECT ADDED ENTRY--TOPICAL TERM
Topical term or geographic name as entry element Bible New Testament Corinthians
General subdivision Commentaries
942 ## - ADDED ENTRY ELEMENTS (KOHA)
Source of classification or shelving scheme
Koha item type Books
Copies
Koha item type Price effective from Not for loan Date acquired Date last seen Copy number Damaged status Withdrawn status Full call number Shelving location Source of classification or shelving scheme Permanent Location Lost status Barcode
Books2010-04-14 2010-04-142018-04-031  BS 2675 .H588General Stacks RHEMA Bible Training College 3488